MARC details
| 000 -CABECERA |
| campo de control de longitud fija |
01233cam a2200229 a 4500 |
| 001 - NÚMERO DE CONTROL |
| campo de control |
000001199 |
| 005 - FECHA Y HORA DE LA ÚLTIMA TRANSACCIÓN |
| campo de control |
20200929145514.0 |
| 008 - DATOS DE LONGITUD FIJA--INFORMACIÓN GENERAL |
| campo de control de longitud fija |
870812s1986 cl a b i100 0 spa |
| 020 ## - NÚMERO INTERNACIONAL ESTÁNDAR DEL LIBRO |
| Número Internacional Estándar del Libro |
9213212046 |
| 040 ## - FUENTE DE LA CATALOGACIÓN |
| Centro catalogador/agencia de origen |
DO-SdBNP |
| Lengua de catalogación |
spa |
| Centro/agencia transcriptor |
BNPHU |
| 082 ## - NÚMERO DE LA CLASIFICACIÓN DECIMAL DEWEY |
| Número de clasificación |
vv |
| Número de documento/Ítem |
G216 |
| 100 1# - ENTRADA PRINCIPAL--NOMBRE DE PERSONA |
| Nombre de persona |
García Elizalde, Pedro |
| 9 (RLIN) |
4095 |
| 245 13 - MENCIÓN DE TÍTULO |
| Título |
El desarrollo frutícula y forestal en Chile y sus derivaciones sociales / |
| Mención de responsabilidad, etc. |
Pedro García Elizalde. |
| 260 ## - PUBLICACIÓN, DISTRIBUCIÓN, ETC. |
| Lugar de publicación, distribución, etc. |
Santiago de Chile : |
| Nombre del editor, distribuidor, etc. |
Naciones Unidas, |
| Fecha de publicación, distribución, etc. |
1986. |
| 300 ## - DESCRIPCIÓN FÍSICA |
| Extensión |
234 p. : |
| Otras características físicas |
il. ; |
| Dimensiones |
23 cm. |
| 440 #0 - MENCIÓN DE SERIE/PUNTO DE ACCESO ADICIONAL--TÍTULO |
| Título |
Estudios e informes de la CEPAL |
| Número Internacional Normalizado para Publicaciones Seriadas |
0256-9795 ; |
| Designación de volumen o secuencia |
v. 57 |
| 9 (RLIN) |
3101 |
| 500 ## - NOTA GENERAL |
| Nota general |
Texts prepared by Pedro Garcia Elizalde and Jose I. Leyton. |
| 500 ## - NOTA GENERAL |
| Nota general |
"Los documentos incluidos en este numero fueron presentados al Taller CEPAL/FAO sobre Politica Agricola y Desarrollo Rural (Santiago de Chile, 26 al 30 de agosto de 1985) que forma parte del proyecto conjunto del gobierno de los paises bajos y la CEPAl relativo al mismo tema adscrito a la Division Agricolas Conjunta CEPAL/FAO"--T.p. verso. |
| 504 ## - NOTA DE BIBLIOGRAFÍA, ETC. |
| Nota de bibliografía, etc. |
Incluye referencia bibliográficas(p. 225-227) |
| 500 ## - NOTA GENERAL |
| Nota general |
"Publicación de las Naciones Unidas, número de venta S.86.II.G.7"--T.p. verso. |
| 500 ## - NOTA GENERAL |
| Nota general |
"LC/G.1378, enero de 1986"--T.p. verso. |